Ekonomická univerzita. University of Economics Bratislava

Saved in:
Bibliographic Details
Format: Book
Language:Slovak
English
Published: Bratislava Ekonomická univerzita 1995
Edition:1. ed.
Subjects:
Tags: Add Tag
No Tags, Be the first to tag this record!

MARC

LEADER 00000nam a2200000 4500
001 c013264
005 20221128072730.5
041 0 |a slo 
041 0 |a eng 
044 |a SK 
245 1 0 |a Ekonomická univerzita. University of Economics Bratislava 
250 |a 1. ed. 
264 1 |a Bratislava  |b Ekonomická univerzita  |c 1995 
300 |a [23] s. 
610 2 0 |a školy vysoké 
610 2 0 |a ekonómovia 
610 2 0 |a učitelia 
610 2 0 |a vyučovanie 
610 2 0 |a Ekonomická univerzita v Bratislave 
610 2 0 |a univerzity